00478 a2200169 450000100060000002000180000604000220002410000210004624000370006724500320010430000080013636200090014465000230015394200070017695201080018399900170029162929 a9788584390465 cAnchieta - Pituba aJefferies, Dinah10aO perfume da folha de chálpor10aO perfume da folha de chá a4300 a2017 4aFicção inglesa cBK 00104070a91.1b91.1d2023-11-21l0o823 J45p JEF PERp16201/PITr2023-11-21 18:31:33w2023-11-21yBK c62929d62929